| 000 | 00838nam a22002417a 4500 | ||
|---|---|---|---|
| 003 | SISC | ||
| 005 | 20180724150220.0 | ||
| 008 | 180724b xxu||||| |||| 00| 0 eng d | ||
| 020 | _a9781416500339 | ||
| 050 |
_aPA 4413.07 _b.S66 2005 |
||
| 100 | _aHomer | ||
| 245 |
_aOedipus the king / _cSophocles; supplementary material written by Frederic Will; series edited by Cynthia Brantley Johnson; translated by Bernard Knox |
||
| 250 | _aComplete and unabridged | ||
| 260 |
_aNew York : _bSimon & Schuster paperbacks, _c2009 |
||
| 300 |
_axxiii,114 pages : _billustrations ; _c18 cm. |
||
| 650 |
_aGreek drama (Tragedy) _vTranslations into English |
||
| 650 |
_aOedipus (Greek mythology) _vDrama |
||
| 700 | _aWill, Frederic | ||
| 700 | _aJohnson, Cynthia Brantley | ||
| 700 | _aKnox, Bernard | ||
| 942 |
_2lcc _cBK |
||
| 999 |
_c358170 _d358170 |
||